[Event "Madrid ch 2016/2017 - Previa A"]
[Site "Madrid ESP"]
[Date "2017.02.07"]
[Round "2.17"]
[White "Olano Lanchas, Dionisio"]
[Black "Castro Uceda, Jose Antonio"]
[Result "1-0"]
[WhiteElo "1690"]
[BlackElo "1532"]
[PlyCount "71"]
[EventDate "2017.02.06"]
[EventType "swiss"]
[EventRounds "9"]
[EventCountry "ESP"]
[SourceTitle "Ajedrez en Madrid"]
[Source "lmi"]
[SourceDate "2017.02.06"]
[SourceVersion "1"]
[SourceVersionDate "2017.02.14"]
[SourceQuality "1"]

1. e4 c5 2. Bc4 e6 3. Nc3 d6 4. Nf3 Nc6 5. a3 a6 6. d3 Nf6 7. Bg5 Be7 8. h3 O-O
9. O-O Qc7 10. Re1 b5 11. Ba2 b4 12. axb4 cxb4 13. Ne2 e5 14. Ng3 Qb6 15. c3 a5
16. Be3 Qb7 17. Bb3 Bd7 18. Bc4 Qc8 19. Bd2 bxc3 20. bxc3 Rb8 21. Bb3 Be6 22.
Ba4 Bd7 23. Bb3 Be6 24. Ba4 Bd7 25. Bxc6 Qxc6 26. Rxa5 Bd8 27. Ra3 Qc5 28. Ra1
Bb6 29. d4 Qc7 30. Rc1 Ra8 31. Be3 Ra2 32. Bg5 Qc4 33. Bxf6 Ba4 34. Nd2 Rxd2
35. Qxd2 gxf6 36. Qh6 1-0

[Event "Madrid ch 2016/2017 - Previa A"]
[Site "Madrid ESP"]
[Date "2017.02.07"]
[Round "2.18"]
[White "Suarez Mencia, Roberto"]
[Black "Garcia Donoso, Alberto"]
[Result "0-1"]
[WhiteElo "1454"]
[BlackElo "1678"]
[PlyCount "106"]
[EventDate "2017.02.06"]
[EventType "swiss"]
[EventRounds "9"]
[EventCountry "ESP"]
[SourceTitle "Ajedrez en Madrid"]
[Source "lmi"]
[SourceDate "2017.02.06"]
[SourceVersion "1"]
[SourceVersionDate "2017.02.14"]
[SourceQuality "1"]

1. c4 f5 2. g3 Nf6 3. Bg2 e5 4. e3 c6 5. Ne2 Be7 6. Nbc3 d6 7. d4 O-O 8. O-O
Kh8 9. d5 e4 10. f3 exf3 11. Bxf3 Ng4 12. Bg2 Qe8 13. Nf4 Na6 14. a3 Bd7 15.
Nce2 Bf6 16. Qd2 Nc5 17. Rb1 Nb3 18. Qd3 Nxc1 19. Rbxc1 Qxe3+ 20. Qxe3 Nxe3 21.
Rf3 Nxg2 22. Kxg2 Bxb2 23. Rb1 Bxa3 24. Rxa3 b6 25. Nd4 cxd5 26. cxd5 Rfc8 27.
Nfe6 g6 28. Kf3 Kg8 29. Nb5 Bxb5 30. Rxb5 Kf7 31. Nd4 Kf6 32. Nc6 Re8 33. Rxa7
Rxa7 34. Nxa7 Ra8 35. Nc6 Ra6 36. Ke3 g5 37. Nd4 Ra3+ 38. Nb3 Ke5 39. Rxb6 Kxd5
40. Ke2 Ra2+ 41. Nd2 Kc5 42. Rb8 h6 43. Rc8+ Kd4 44. Rf8 Kc3 45. Rc8+ Kd4 46.
Rc4+ Kd5 47. Rc3 Kd4 48. Rd3+ Ke5 49. Re3+ Kd4 50. g4 f4 51. Re4+ Kd5 52. Kd3
Rxd2+ 53. Kxd2 Kxe4 0-1

[Event "Madrid ch 2016/2017 - Previa A"]
[Site "Madrid ESP"]
[Date "2017.02.07"]
[Round "2.19"]
[White "Sierra Garcia, Ricardo"]
[Black "Diaz Begonte, Manuel"]
[Result "0-1"]
[WhiteElo "1404"]
[BlackElo "1664"]
[PlyCount "104"]
[EventDate "2017.02.06"]
[EventType "swiss"]
[EventRounds "9"]
[EventCountry "ESP"]
[SourceTitle "Ajedrez en Madrid"]
[Source "lmi"]
[SourceDate "2017.02.06"]
[SourceVersion "1"]
[SourceVersionDate "2017.02.14"]
[SourceQuality "1"]

1. e4 d5 2. Nc3 dxe4 3. Nxe4 Bf5 4. Ng3 Bg6 5. d4 e6 6. Nf3 Bd6 7. Ne2 Ne7 8.
Bf4 Nd5 9. Bd2 Nc6 10. Nc3 Ncb4 11. Bd3 Bxd3 12. cxd3 Nxd3+ 13. Kf1 N3b4 14.
Qa4+ c6 15. a3 Nb6 16. Qb3 N4d5 17. Re1 O-O 18. Ne4 Be7 19. Ba5 Qc8 20. Nc5 Nd7
21. Nxd7 Qxd7 22. Ne5 Qc8 23. Nd3 b6 24. Bd2 Bd6 25. Bb4 Nxb4 26. Nxb4 Qd7 27.
Rc1 Rac8 28. Nd3 Rfd8 29. Qc2 Bf8 30. Ne5 Qxd4 31. f4 Qxf4+ 32. Nf3 Rd5 33. Rd1
Rxd1+ 34. Qxd1 Qc4+ 35. Qe2 Qxe2+ 36. Kxe2 Rd8 37. Rc1 c5 38. Ne5 f6 39. Nf3
Kf7 40. Rc3 g6 41. Rd3 Rd5 42. Kd2 Bd6 43. g3 Rxd3+ 44. Kxd3 b5 45. Nd2 f5 46.
a4 a6 47. axb5 axb5 48. Nb1 Be5 49. Nc3 Bxc3 50. bxc3 e5 51. Ke3 Ke6 52. h3 Kd5
0-1

[Event "Madrid ch 2016/2017 - Previa A"]
[Site "Madrid ESP"]
[Date "2017.02.07"]
[Round "2.20"]
[White "Martinez Miura, Enrique"]
[Black "Montejano Siguero, Sonia"]
[Result "1-0"]
[WhiteElo "1660"]
[BlackElo "1483"]
[PlyCount "81"]
[EventDate "2017.02.06"]
[EventType "swiss"]
[EventRounds "9"]
[EventCountry "ESP"]
[SourceTitle "Ajedrez en Madrid"]
[Source "lmi"]
[SourceDate "2017.02.06"]
[SourceVersion "1"]
[SourceVersionDate "2017.02.14"]
[SourceQuality "1"]

1. e4 c5 2. Nc3 e5 3. Nf3 Nc6 4. Be2 Be7 5. O-O Nf6 6. d3 O-O 7. h3 d6 8. Re1
Be6 9. Bf1 Qc8 10. Kh2 Nd4 11. Nxd4 exd4 12. Ne2 Qc7 13. Kg1 a5 14. Bf4 Qc8 15.
Rc1 Bxh3 16. gxh3 Nh5 17. Bh2 g6 18. c3 b6 19. cxd4 Bf6 20. Bxd6 Qe6 21. Bxf8
Bh4 22. Ng3 Nxg3 23. fxg3 Bxg3 24. Bh6 Qxa2 25. Re3 Bh4 26. dxc5 Qxb2 27. Qc2
Qd4 28. cxb6 Qxb6 29. Qc6 Qd8 30. Rf3 Bf6 31. Qxf6 Qxf6 32. Rxf6 a4 33. Ra6 Rb8
34. Rxa4 f5 35. exf5 g5 36. Ra7 g4 37. Rcc7 gxh3 38. Rg7+ Kh8 39. Rxh7+ Kg8 40.
Rag7+ Kf8 41. Rh8# 1-0

[Event "Madrid ch 2016/2017 - Previa A"]
[Site "Madrid ESP"]
[Date "2017.02.07"]
[Round "2.22"]
[White "Martinez Carrasco, Jesus"]
[Black "Enriquez Pastor, Jorge"]
[Result "1/2-1/2"]
[WhiteElo "1618"]
[BlackElo "1438"]
[PlyCount "68"]
[EventDate "2017.02.06"]
[EventType "swiss"]
[EventRounds "9"]
[EventCountry "ESP"]
[SourceTitle "Ajedrez en Madrid"]
[Source "lmi"]
[SourceDate "2017.02.06"]
[SourceVersion "1"]
[SourceVersionDate "2017.02.14"]
[SourceQuality "1"]

1. d4 d5 2. c4 c6 3. e3 Nf6 4. Nc3 Bf5 5. Nf3 e6 6. Bd3 Bxd3 7. Qxd3 Bd6 8. O-O
O-O 9. e4 dxc4 10. Qxc4 Bc7 11. Bg5 h6 12. Bh4 g5 13. Bg3 Bxg3 14. fxg3 Nbd7
15. e5 Nd5 16. Nxd5 cxd5 17. Qd3 Rc8 18. Rac1 Nb6 19. b3 Qe7 20. h3 Qa3 21. Qd2
Rxc1 22. Rxc1 Rc8 23. Rxc8+ Nxc8 24. Nh2 Ne7 25. Ng4 Nf5 26. Kh2 Qe7 27. Nf6+
Kg7 28. Qc2 Qd8 29. g4 Nxd4 30. Qh7+ Kf8 31. Qxh6+ Ke7 32. Qxg5 Kf8 33. Nh7+
Ke8 34. Qg8+ Ke7 1/2-1/2

[Event "Madrid ch 2016/2017 - Previa A"]
[Site "Madrid ESP"]
[Date "2017.02.07"]
[Round "2.23"]
[White "Garo Gomez, Juan Manuel"]
[Black "Ramos Antona, Enrique"]
[Result "0-1"]
[WhiteElo "1290"]
[BlackElo "1613"]
[PlyCount "150"]
[EventDate "2017.02.06"]
[EventType "swiss"]
[EventRounds "9"]
[EventCountry "ESP"]
[SourceTitle "Ajedrez en Madrid"]
[Source "lmi"]
[SourceDate "2017.02.06"]
[SourceVersion "1"]
[SourceVersionDate "2017.02.14"]
[SourceQuality "1"]

1. e4 c5 2. c3 Nf6 3. e5 Nd5 4. c4 Nb4 5. b3 g6 6. Bb2 Bg7 7. Nf3 d6 8. d4 cxd4
9. Bxd4 Bf5 10. Na3 Qa5 11. Ke2 Qxa3 12. Qd2 Nc2 13. Qc1 Nxd4+ 14. Nxd4 Qxc1
15. Rxc1 Bd7 16. Nb5 Bxb5 17. cxb5 Kd7 18. exd6 exd6 19. g3 Re8+ 20. Kf3 Rc8
21. Bc4 a6 22. a4 axb5 23. Bxb5+ Kd8 24. Rxc8+ Kxc8 25. Re1 Be5 26. Ke4 Nc6 27.
Rc1 Kd7 28. Kd5 Ke7 29. f4 Bb2 30. Re1+ Kd7 31. g4 Ba3 32. h4 Re8 33. Rxe8 Kxe8
34. Bxc6+ bxc6+ 35. Kxc6 Kd8 36. h5 gxh5 37. gxh5 f5 38. Kd5 Kd7 39. a5 Bc1 40.
a6 Kc7 41. b4 Bxf4 42. b5 Kb6 43. Ke6 h6 44. Kxf5 Be3 45. Ke4 Bc5 46. Kd5 Kxb5
47. a7 Bxa7 48. Kxd6 Be3 49. Kd5 Bg5 50. Kd4 Kc6 51. Ke5 Kd7 52. Kd5 Ke7 53.
Ke5 Kf7 54. Kf5 Bd2 55. Ke5 Kg7 56. Kf5 Bc3 57. Ke6 Bf6 58. Kf5 Kf7 59. Ke4 Ke6
60. Kf4 Be5+ 61. Kg4 Kf6 62. Kh4 Kf5 63. Kh3 Kg5 64. Kg2 Kxh5 65. Kh3 Kg5 66.
Kg2 Kg4 67. Kg1 h5 68. Kg2 h4 69. Kh1 Kf3 70. Kg1 Bd4+ 71. Kh2 Kf2 72. Kh3 Bf6
73. Kh2 Kf1 74. Kh3 Kg1 75. Kg4 Kg2 0-1

[Event "Madrid ch 2016/2017 - Previa A"]
[Site "Madrid ESP"]
[Date "2017.02.07"]
[Round "2.24"]
[White "Villodre Miranda, Juan Alonso"]
[Black "Bermudez Valles, Juan Alejandr"]
[Result "1-0"]
[WhiteElo "1596"]
[BlackElo "1359"]
[PlyCount "77"]
[EventDate "2017.02.06"]
[EventType "swiss"]
[EventRounds "9"]
[EventCountry "ESP"]
[SourceTitle "Ajedrez en Madrid"]
[Source "lmi"]
[SourceDate "2017.02.06"]
[SourceVersion "1"]
[SourceVersionDate "2017.02.14"]
[SourceQuality "1"]

1. c4 e5 2. e4 Nc6 3. d3 Bc5 4. g3 Nf6 5. Bg2 d6 6. h3 O-O 7. Ne2 Be6 8. O-O
Qd7 9. Kh2 h6 10. Nbc3 a6 11. f4 Qd8 12. f5 Bd7 13. g4 Nh7 14. Ng3 f6 15. a3
Nd4 16. Nce2 Ng5 17. Nxd4 Bxd4 18. Ne2 Bb6 19. b4 c5 20. Qb3 Qe8 21. a4 Qc8 22.
Bxg5 hxg5 23. b5 Ba5 24. Nc3 Bxc3 25. Qxc3 axb5 26. axb5 Be8 27. Ra3 g6 28.
Rfa1 Rxa3 29. Qxa3 Bf7 30. Qa7 gxf5 31. exf5 d5 32. cxd5 Qc7 33. Be4 Rd8 34.
Rc1 Bxd5 35. Rxc5 Qd6 36. Rxd5 Qc7 37. Rxd8+ Qxd8 38. Qxb7 Kh8 39. Qa8 1-0

[Event "Madrid ch 2016/2017 - Previa A"]
[Site "Madrid ESP"]
[Date "2017.02.07"]
[Round "2.26"]
[White "Gortazar Rubial, Javier Maria"]
[Black "Martin Rodriguez, Jose Luis"]
[Result "0-1"]
[WhiteElo "1569"]
[BlackElo "1321"]
[PlyCount "86"]
[EventDate "2017.02.06"]
[EventType "swiss"]
[EventRounds "9"]
[EventCountry "ESP"]
[SourceTitle "Ajedrez en Madrid"]
[Source "lmi"]
[SourceDate "2017.02.06"]
[SourceVersion "1"]
[SourceVersionDate "2017.02.14"]
[SourceQuality "1"]

1. e4 e6 2. d4 d5 3. e5 c5 4. c3 Nc6 5. Nf3 Qb6 6. a3 c4 7. Nbd2 Na5 8. Be2 Bd7
9. O-O Be7 10. Rb1 h5 11. Ne1 h4 12. h3 Nh6 13. Ndf3 Nf5 14. Nh2 Qd8 15. Be3
Bg5 16. Bxg5 Qxg5 17. f4 Qg6 18. Ng4 Nb3 19. Nf3 Ng3 20. Re1 Ne4 21. Nf2 Ng3
22. Kh2 Qf5 23. Nh1 Qxf4 24. Nxg3 Qxg3+ 25. Kg1 Rh6 26. Rf1 Rg6 27. Rf2 Qxh3
28. Qf1 Qg3 29. Nh2 Nd2 30. Qe1 Ne4 31. Bg4 Nxf2 32. Qxf2 Qxf2+ 33. Kxf2 Ba4
34. Rf1 Ke7 35. Ke3 Rh8 36. Kf4 Bc2 37. Rf2 Be4 38. Nf3 Bxf3 39. Rxf3 f5 40.
Bh3 Rh5 41. Ke3 Rg3 42. Rxg3 hxg3 43. Kf4 Rxh3 0-1

[Event "Madrid ch 2016/2017 - Previa A"]
[Site "Madrid ESP"]
[Date "2017.02.08"]
[Round "3.1"]
[White "Vukotic Jovsic, Dragan"]
[Black "Fernandez Garcia, Ignacio"]
[Result "0-1"]
[WhiteElo "1968"]
[BlackElo "1856"]
[PlyCount "130"]
[EventDate "2017.02.06"]
[EventType "swiss"]
[EventRounds "9"]
[EventCountry "ESP"]
[SourceTitle "Ajedrez en Madrid"]
[Source "lmi"]
[SourceDate "2017.02.06"]
[SourceVersion "1"]
[SourceVersionDate "2017.02.14"]
[SourceQuality "1"]

1. d4 d5 2. Nf3 Nf6 3. Bf4 c6 4. c3 Bf5 5. e3 e6 6. Bd3 Bg4 7. Nbd2 Bd6 8. Qb3
Bxf4 9. Qxb7 Nbd7 10. exf4 Rb8 11. Qxa7 Rxb2 12. Qa3 Rb8 13. Ne5 Nxe5 14. fxe5
Nd7 15. O-O Qe7 16. Qxe7+ Kxe7 17. Rfb1 c5 18. f3 Bh5 19. g4 Bg6 20. Bxg6 hxg6
21. a4 cxd4 22. cxd4 Rhc8 23. Rxb8 Rxb8 24. Kf2 g5 25. a5 f6 26. exf6+ gxf6 27.
Ra3 Kd6 28. Kg3 e5 29. Nb3 Kc6 30. a6 Ra8 31. Ra5 Ra7 32. h4 gxh4+ 33. Kxh4 Nb8
34. Kh5 e4 35. fxe4 dxe4 36. Rf5 Nxa6 37. Kg6 Nb4 38. Kxf6 Nd5+ 39. Kg5 e3 40.
Re5 Ra2 41. Nc1 Rd2 42. Nb3 Rd3 43. Na5+ Kd6 44. Nc4+ Kc6 45. Re4 Rc3 46. Ne5+
Kd6 47. Kg6 e2 48. Kf5 Ne3+ 49. Rxe3 Rxe3 50. Nc4+ Ke7 51. Nxe3 e1=Q 52. Nd5+
Kf7 53. Nf4 Qf2 54. d5 Qc2+ 55. Ke5 Qc3+ 56. Kf5 Qd4 57. g5 Qf2 58. Ke5 Ke7 59.
Ng6+ Kf7 60. Nf4 Qc5 61. g6+ Ke7 62. Kf5 Qd6 63. Kg5 Qf6+ 64. Kg4 Kd6 65. Kf3
Ke5 0-1

[Event "Madrid ch 2016/2017 - Previa A"]
[Site "Madrid ESP"]
[Date "2017.02.08"]
[Round "3.2"]
[White "Franco Rincon, David"]
[Black "Tirado Parra, Alberto"]
[Result "1/2-1/2"]
[WhiteElo "1721"]
[BlackElo "1903"]
[PlyCount "42"]
[EventDate "2017.02.06"]
[EventType "swiss"]
[EventRounds "9"]
[EventCountry "ESP"]
[SourceTitle "Ajedrez en Madrid"]
[Source "lmi"]
[SourceDate "2017.02.06"]
[SourceVersion "1"]
[SourceVersionDate "2017.02.14"]
[SourceQuality "1"]

1. Nf3 f5 2. b3 Nf6 3. e3 e6 4. Bb2 Be7 5. c4 O-O 6. Be2 b6 7. O-O Bb7 8. d4 c5
9. Nc3 Ne4 10. Nd2 cxd4 11. Ndxe4 dxc3 12. Nxc3 Bf6 13. Bf3 Nc6 14. Rb1 a6 15.
Qd2 b5 16. cxb5 axb5 17. Ra1 b4 18. Na4 Qe7 19. Bxf6 Rxf6 20. Rfc1 Ra5 21. Nb2
d5 1/2-1/2

[Event "Madrid ch 2016/2017 - Previa A"]
[Site "Madrid ESP"]
[Date "2017.02.08"]
[Round "3.3"]
[White "Rosa Ramirez, Victor D"]
[Black "Lozano Sanchez, Jose Antonio"]
[Result "1/2-1/2"]
[WhiteElo "1902"]
[BlackElo "1843"]
[PlyCount "86"]
[EventDate "2017.02.06"]
[EventType "swiss"]
[EventRounds "9"]
[EventCountry "ESP"]
[SourceTitle "Ajedrez en Madrid"]
[Source "lmi"]
[SourceDate "2017.02.06"]
[SourceVersion "1"]
[SourceVersionDate "2017.02.14"]
[SourceQuality "1"]

1. e4 e5 2. Nf3 Nc6 3. Bc4 Bc5 4. O-O d6 5. c3 Bg4 6. h3 Bxf3 7. Qxf3 Qf6 8.
Qe2 Nge7 9. b4 Bb6 10. a4 a6 11. d3 O-O 12. Nd2 Nd8 13. Nf3 Ne6 14. Be3 Nf4 15.
Qd1 Ba7 16. Kh2 h6 17. Qd2 Neg6 18. Ng1 c6 19. g3 Ne6 20. Ne2 Qd8 21. f4 Bxe3
22. Qxe3 d5 23. Bb3 exf4 24. gxf4 Nh4 25. Rad1 Kh7 26. Bc2 Re8 27. Rg1 f5 28.
e5 Ng6 29. d4 Ne7 30. Rg3 Rg8 31. Ng1 g6 32. Nf3 Rg7 33. Rdg1 Qe8 34. Nh4 Qf7
35. R3g2 Rag8 36. Qf2 Nf8 37. Nf3 Ne6 38. Qh4 Qe8 39. Ng5+ Nxg5 40. Rxg5 Qf7
41. R5g2 Qe6 42. Rg5 Qf7 43. R5g2 Qe6 1/2-1/2

[Event "Madrid ch 2016/2017 - Previa A"]
[Site "Madrid ESP"]
[Date "2017.02.08"]
[Round "3.4"]
[White "Lopez Heras, Arturo"]
[Black "Roldan Garcia, Angel"]
[Result "1-0"]
[WhiteElo "1862"]
[BlackElo "1794"]
[PlyCount "113"]
[EventDate "2017.02.06"]
[EventType "swiss"]
[EventRounds "9"]
[EventCountry "ESP"]
[SourceTitle "Ajedrez en Madrid"]
[Source "lmi"]
[SourceDate "2017.02.06"]
[SourceVersion "1"]
[SourceVersionDate "2017.02.14"]
[SourceQuality "1"]

1. d4 Nf6 2. c4 g6 3. Nc3 Bg7 4. e4 d6 5. Nf3 O-O 6. Be2 e5 7. O-O Na6 8. Rb1
exd4 9. Nxd4 Nc5 10. f3 Ne6 11. Be3 Nxd4 12. Bxd4 Be6 13. Qd2 a6 14. Be3 Qd7
15. Nd5 b5 16. Bh6 Bxd5 17. cxd5 Rfc8 18. Bxg7 Kxg7 19. Rbc1 c5 20. dxc6 Rxc6
21. Rxc6 Qxc6 22. Rc1 Qb6+ 23. Kf1 Kg8 24. Qc3 Ne8 25. Bd1 Rd8 26. Bb3 Rd7 27.
Qc6 Qxc6 28. Rxc6 Ra7 29. Bd5 Kf8 30. Rc8 Ke7 31. Ke2 Nf6 32. Bb3 h5 33. h4 Nd7
34. Ke3 Nc5 35. Bd5 Na4 36. Rh8 Kf6 37. b4 a5 38. bxa5 Rxa5 39. Rb8 Nc5 40. Rb6
Ke7 41. Kf4 Ne6+ 42. Kg3 Nc5 43. Kf2 Nd3+ 44. Ke3 Nc5 45. Kd2 Ne6 46. Rb7+ Kf6
47. Kc2 g5 48. hxg5+ Nxg5 49. Kb3 Ne6 50. Kb4 Ra4+ 51. Kxb5 Ra3 52. Kb4 Rd3 53.
a4 Rd2 54. a5 Rd4+ 55. Kb5 Rd2 56. a6 Rb2+ 57. Kc4 1-0

[Event "Madrid ch 2016/2017 - Previa A"]
[Site "Madrid ESP"]
[Date "2017.02.08"]
[Round "3.5"]
[White "Osorio Ramos, Francisco"]
[Black "Camarero Izquierdo, Juan Carlo"]
[Result "1/2-1/2"]
[WhiteElo "1838"]
[BlackElo "1731"]
[PlyCount "129"]
[EventDate "2017.02.06"]
[EventType "swiss"]
[EventRounds "9"]
[EventCountry "ESP"]
[SourceTitle "Ajedrez en Madrid"]
[Source "lmi"]
[SourceDate "2017.02.06"]
[SourceVersion "1"]
[SourceVersionDate "2017.02.14"]
[SourceQuality "1"]

1. d4 f5 2. Bg5 d5 3. e3 Qd6 4. Nd2 Nd7 5. Bd3 e6 6. Ngf3 Ngf6 7. O-O Ne4 8.
Bf4 Qb6 9. Bxe4 fxe4 10. Ne5 Nxe5 11. Bxe5 h5 12. f3 Bd7 13. fxe4 O-O-O 14. Rf7
Bd6 15. Bxd6 Qxd6 16. e5 Qb6 17. Nb3 g5 18. Qf3 g4 19. Qf6 g3 20. hxg3 Rhg8 21.
Kh2 Kb8 22. Rf1 a5 23. Nc5 Bc8 24. b3 Qc6 25. Rf2 b6 26. Nd3 Qc3 27. Qf3 Rg4
28. Rf8 Rxf8 29. Qxf8 h4 30. gxh4 Rxh4+ 31. Kg3 Re4 32. Qf3 Ba6 33. Qe2 Qa1 34.
a4 Qh1 35. Rf4 Qh6 36. Kf2 c5 37. Qf3 cxd4 38. Rxe4 dxe4 39. Qxe4 dxe3+ 40.
Qxe3 Qf8+ 41. Nf4 Ka7 42. g3 Bb7 43. Ke2 Qc8 44. Kd2 Qc6 45. Kc1 Bc8 46. Kb2
Qc7 47. g4 Qe7 48. Qd4 Qg5 49. Nd3 Bb7 50. Qf4 Qd8 51. g5 Ba6 52. Qe4 Qxg5 53.
b4 Bb7 54. Qd4 axb4 55. Nxb4 Ka8 56. Qd6 Qf4 57. Nc6 Bxc6 58. Qxc6+ Ka7 59.
Qxe6 Qd4+ 60. c3 Qd2+ 61. Kb3 Qd1+ 62. Kb4 Qb1+ 63. Ka3 Qa1+ 64. Kb4 Qb2+ 65.
Qb3 1/2-1/2

[Event "Madrid ch 2016/2017 - Previa A"]
[Site "Madrid ESP"]
[Date "2017.02.08"]
[Round "3.6"]
[White "Ortega Morales, Pedro"]
[Black "Gil Sierra, Jacinto"]
[Result "0-1"]
[WhiteElo "1760"]
[BlackElo "1943"]
[PlyCount "83"]
[EventDate "2017.02.06"]
[EventType "swiss"]
[EventRounds "9"]
[EventCountry "ESP"]
[SourceTitle "Ajedrez en Madrid"]
[Source "lmi"]
[SourceDate "2017.02.06"]
[SourceVersion "1"]
[SourceVersionDate "2017.02.14"]
[SourceQuality "1"]

1. d4 e6 2. Bf4 f5 3. Nf3 Nf6 4. e3 b6 5. Be2 Bb4+ 6. c3 Be7 7. Nbd2 Bb7 8. h3
O-O 9. O-O d5 10. Ne5 Nbd7 11. Ndf3 Bd6 12. Bb5 Bxe5 13. Nxe5 Nxe5 14. Bxe5 c6
15. Be2 Qe7 16. Rc1 Nd7 17. Bh2 e5 18. dxe5 Nxe5 19. Qd4 Rfe8 20. Rfd1 Ng6 21.
Qd3 f4 22. Bh5 fxe3 23. fxe3 Qxe3+ 24. Qxe3 Rxe3 25. Bxg6 hxg6 26. Re1 Rae8 27.
Rxe3 Rxe3 28. Kf2 Re6 29. g4 g5 30. Re1 Rf6+ 31. Kg2 Ba6 32. Bb8 Bd3 33. Bxa7
Be4+ 34. Kg1 Rf3 35. Bxb6 Rxh3 36. Bc7 Kf7 37. a4 Ke7 38. a5 Kd7 39. Be5 Bd3
40. Kg2 Rh7 41. Ra1 c5 42. Rh1 0-1

[Event "Madrid ch 2016/2017 - Previa A"]
[Site "Madrid ESP"]
[Date "2017.02.08"]
[Round "3.7"]
[White "Jimenez Gonzalez, Marcos"]
[Black "Garcia Diez, Mariano"]
[Result "1-0"]
[WhiteElo "1798"]
[BlackElo "1911"]
[PlyCount "35"]
[EventDate "2017.02.06"]
[EventType "swiss"]
[EventRounds "9"]
[EventCountry "ESP"]
[SourceTitle "Ajedrez en Madrid"]
[Source "lmi"]
[SourceDate "2017.02.06"]
[SourceVersion "1"]
[SourceVersionDate "2017.02.14"]
[SourceQuality "1"]

1. d4 f5 2. g3 Nf6 3. Bg2 g6 4. Nf3 Bg7 5. O-O O-O 6. b3 d6 7. Bb2 c6 8. Nbd2
Qc7 9. c4 Kh8 10. Rc1 Be6 11. d5 Bg8 12. Ng5 e5 13. dxe6 h6 14. Nh3 g5 15. e4
Bxe6 16. exf5 Bxf5 17. f4 Qd7 18. fxg5 1-0

[Event "Madrid ch 2016/2017 - Previa A"]
[Site "Madrid ESP"]
[Date "2017.02.08"]
[Round "3.8"]
[White "Rueda Maria, Ramiro"]
[Black "Hernanz Villaoslada, Javier"]
[Result "1/2-1/2"]
[WhiteElo "1819"]
[BlackElo "1719"]
[PlyCount "26"]
[EventDate "2017.02.06"]
[EventType "swiss"]
[EventRounds "9"]
[EventCountry "ESP"]
[SourceTitle "Ajedrez en Madrid"]
[Source "lmi"]
[SourceDate "2017.02.06"]
[SourceVersion "1"]
[SourceVersionDate "2017.02.14"]
[SourceQuality "1"]

1. c4 Nf6 2. Nf3 g6 3. Nc3 Bg7 4. g3 O-O 5. Bg2 d6 6. d4 Nbd7 7. O-O e5 8. e4
a5 9. Bg5 h6 10. dxe5 Nxe5 11. Nxe5 dxe5 12. Qxd8 Rxd8 13. Bxf6 Bxf6 1/2-1/2

[Event "Madrid ch 2016/2017 - Previa A"]
[Site "Madrid ESP"]
[Date "2017.02.08"]
[Round "3.9"]
[White "Sotoca Aguado, Jose"]
[Black "Martinez Miura, Enrique"]
[Result "0-1"]
[WhiteElo "1911"]
[BlackElo "1660"]
[PlyCount "66"]
[EventDate "2017.02.06"]
[EventType "swiss"]
[EventRounds "9"]
[EventCountry "ESP"]
[SourceTitle "Ajedrez en Madrid"]
[Source "lmi"]
[SourceDate "2017.02.06"]
[SourceVersion "1"]
[SourceVersionDate "2017.02.14"]
[SourceQuality "1"]

1. d4 e6 2. e4 d5 3. Nc3 dxe4 4. Nxe4 Nd7 5. Nf3 Be7 6. Bd3 Ngf6 7. Ng3 O-O 8.
O-O b6 9. Ne5 Bb7 10. Be3 c5 11. c3 cxd4 12. cxd4 Nd5 13. Nc4 Nxe3 14. fxe3 g6
15. Qe2 b5 16. Nd2 a6 17. Nf3 Bf6 18. a4 bxa4 19. Rxa4 Qb6 20. Ne4 Bg7 21. Rfa1
e5 22. dxe5 Nxe5 23. Nxe5 Bxe5 24. Nf2 Rfc8 25. Rc4 Rxc4 26. Bxc4 Rc8 27. Rd1
Bxh2+ 28. Kf1 Bg3 29. b3 Qf6 30. Kg1 Rd8 31. Rxd8+ Qxd8 32. Bxa6 Bxf2+ 33. Kxf2
Qf6+ 0-1

[Event "Madrid ch 2016/2017 - Previa A"]
[Site "Madrid ESP"]
[Date "2017.02.08"]
[Round "3.10"]
[White "Garcia Donoso, Alberto"]
[Black "Santamaria Baeza, Adolfo"]
[Result "1-0"]
[WhiteElo "1678"]
[BlackElo "1872"]
[PlyCount "109"]
[EventDate "2017.02.06"]
[EventType "swiss"]
[EventRounds "9"]
[EventCountry "ESP"]
[SourceTitle "Ajedrez en Madrid"]
[Source "lmi"]
[SourceDate "2017.02.06"]
[SourceVersion "1"]
[SourceVersionDate "2017.02.14"]
[SourceQuality "1"]

1. d4 Nf6 2. c4 e6 3. Nf3 Bb4+ 4. Nbd2 O-O 5. Qc2 b6 6. e3 Bb7 7. Be2 Ne4 8. a3
Bxd2+ 9. Bxd2 f5 10. Bc3 d6 11. h4 Nd7 12. Bf1 Ndf6 13. Nd2 Ng4 14. Nxe4 fxe4
15. Be2 Rxf2 16. Bd2 Rxg2 17. Bxg4 Rxg4 18. h5 Qg5 19. O-O-O d5 20. Kb1 Ba6 21.
Qa4 Bxc4 22. Qc6 Rf8 23. Bb4 Rb8 24. Qxc7 Re8 25. Qd7 Qd8 26. Qxa7 h6 27. Rde1
Bd3+ 28. Ka1 Rg5 29. Rc1 Bc4 30. Qb7 Kh7 31. Qf7 Rf5 32. Qb7 Kh8 33. Rhg1 Rg5
34. Rh1 Rg8 35. Be7 Qe8 36. Bxg5 hxg5 37. h6 g6 38. b3 Qf8 39. Kb2 Qf2+ 40. Rc2
Qxe3 41. bxc4 Qxd4+ 42. Ka2 Qd3 43. Rhh2 dxc4 44. Qxb6 Ra8 45. Qb4 c3 46. Qxc3+
Qxc3 47. Rxc3 Ra7 48. Rc4 g4 49. Rxe4 g3 50. Rg2 Kh7 51. Rxe6 Kxh6 52. Rxg3 Rg7
53. a4 Kh5 54. Re5+ Kh4 55. Reg5 1-0

[Event "Madrid ch 2016/2017 - Previa A"]
[Site "Madrid ESP"]
[Date "2017.02.08"]
[Round "3.12"]
[White "Diaz Begonte, Manuel"]
[Black "Serrano Garcia, Vicente"]
[Result "0-1"]
[WhiteElo "1664"]
[BlackElo "1822"]
[PlyCount "72"]
[EventDate "2017.02.06"]
[EventType "swiss"]
[EventRounds "9"]
[EventCountry "ESP"]
[SourceTitle "Ajedrez en Madrid"]
[Source "lmi"]
[SourceDate "2017.02.06"]
[SourceVersion "1"]
[SourceVersionDate "2017.02.14"]
[SourceQuality "1"]

1. e4 e5 2. d4 exd4 3. f4 Bb4+ 4. Nd2 d5 5. e5 Bf5 6. Ngf3 c5 7. a3 Ba5 8. b4
cxb4 9. Bb5+ Bd7 10. Bd3 Nc6 11. O-O Nh6 12. Nb3 Bb6 13. Qe1 Nf5 14. axb4 Ne3
15. Rf2 a6 16. h3 Bf5 17. Nc5 Bxc5 18. bxc5 Bxd3 19. cxd3 Nf5 20. g4 Nh4 21. g5
Nxf3+ 22. Rxf3 Qd7 23. Rb1 g6 24. Qf2 h6 25. Qh4 Qe7 26. Bd2 O-O-O 27. Qg4+ Kb8
28. Rb6 Qxc5 29. Rb2 hxg5 30. fxg5 Nxe5 31. Qg3 Rhe8 32. Bf4 Ka8 33. Bxe5 Qc1+
34. Rf1 Qxb2 35. Rxf7 Qc1+ 36. Rf1 Qe3+ 0-1

[Event "Madrid ch 2016/2017 - Previa A"]
[Site "Madrid ESP"]
[Date "2017.02.08"]
[Round "3.13"]
[White "Cruz Gonzalez, Antonio"]
[Black "Villodre Miranda, Juan Alonso"]
[Result "1/2-1/2"]
[WhiteElo "1817"]
[BlackElo "1596"]
[PlyCount "64"]
[EventDate "2017.02.06"]
[EventType "swiss"]
[EventRounds "9"]
[EventCountry "ESP"]
[SourceTitle "Ajedrez en Madrid"]
[Source "lmi"]
[SourceDate "2017.02.06"]
[SourceVersion "1"]
[SourceVersionDate "2017.02.14"]
[SourceQuality "1"]

1. g4 c5 2. h3 Nc6 3. Bg2 g6 4. e3 Bg7 5. Ne2 d5 6. d4 cxd4 7. exd4 e6 8. O-O
Nge7 9. c3 h6 10. Be3 O-O 11. Qc1 Kh7 12. Nd2 f5 13. g5 h5 14. Nf3 e5 15. dxe5
Nxe5 16. Nxe5 Bxe5 17. f4 Bg7 18. Rd1 Be6 19. Nd4 Bg8 20. Qc2 Nc6 21. Rd2 Qe7
22. Bf2 Nxd4 23. Bxd4 Bxd4+ 24. Rxd4 Qc5 25. Re1 Rae8 26. Qd2 Bf7 27. Kf1 Rxe1+
28. Kxe1 Re8+ 29. Kd1 Qb5 30. a4 Qb3+ 31. Kc1 Qa2 32. Kc2 Re7 1/2-1/2